| 000 | 00929nam a2200253 i 4500 | ||
|---|---|---|---|
| 001 | 197091 | ||
| 003 | ES-MaACL | ||
| 005 | 20250820063101.0 | ||
| 008 | 250310b sp ||||| |||| 00| 0 spa d | ||
| 020 | _a9789636312763 | ||
| 040 |
_bspa _cES-MaACL |
||
| 245 |
_aWho are we? : _bnationalities in Hungary. |
||
| 260 |
_aBudapest : _bNational Archives of Hungary, _c2019. |
||
| 300 |
_a131 páginas ; _c28 cm. |
||
| 336 |
_2rdacontent _atexto |
||
| 337 |
_2rdamedia _asin mediación |
||
| 338 |
_2rdacarrier _avolumen |
||
| 651 | 0 |
_9235403 _aHungría- _xUsos y costumbres |
|
| 852 |
_aES-MaACL _cDEPOJ _jN-10458 _xEncuadernación cartoné _9206580 _hDonación: Centro de Información Documental de Archivos (CIDA) |
||
| 942 |
_cMONOGRAFIA _n0 |
||
| 999 |
_c197091 _d197091 |
||